000 00733cab a2200241 4500
001 WB3441-10
008 090401t1998 xxu||||| |||| 00| 0 eng d
035 _a(Sirsi) u89380
041 _aeng
245 _aArea-based initiatives
260 _c1998
350 _a0
490 _aDETR News Release
_v(903) 28 October 1998 (8)
520 _aGovernment has announced a package of measures to ensure area-based initiatives such as housing, health and education are co-ordinated. Details.
650 _aAREA-BASED INITIATIVES
650 _aCITY PRIDE
650 _aEDUCATION ACTION ZONES
650 _aHEALTH ACTION ZONES
650 _aSOCIAL POLICY
690 _aECONOMIC AND SOCIAL
942 _n0
948 _c29/10/1998
999 _c56533
_d56533